000 00416nam a22001337a 4500
008 141107b xxu||||| |||| 00| 0 eng d
020 _a9781441170637
050 _aBD41.S85 2014
100 _aSullivan Thomas D.
_912532
245 _aModern challenges to past philosophy
_barguments and responses
_cThomas, Sullivan D.
260 _aNew York
_bBloomsbury
_c2014
300 _a203p. ;
_c22cm.
942 _2lcc
_cMONOGRAPH
999 _c121213
_d121213